First 200 words of the Bible (KJV) - Statistics

General Stats
  • This quiz has been taken 84 times
    56 since last reset
  • The average score is 136 of 205
Answer Stats
Answer % Correct
Be
100%
Beginning
100%
In
100%
The
100%
There
100%
God
98%
Was
95%
And
93%
Earth
93%
He
91%
Heaven
91%
Created
88%
Light
88%
Let
81%
Darkness
79%
Said
77%
Good
70%
Of
70%
Day
67%
It
65%
Night
63%
Without
63%
Land
58%
Waters
58%
Saw
56%
That
56%
First
53%
Form
51%
Called
47%
From
47%
Seas
47%
So
44%
Spirit
44%
Darkness
42%
Dry
40%
Evening
40%
Void
40%
Morning
37%
Face
35%
Tree
33%
Deep
30%
Were
30%
His
28%
One
28%
Under
28%
Upon
28%
Bring
26%
Divided
26%
Moved
26%
Forth
23%
Fruit
23%
Is
23%
Brought
21%
Gathered
21%
Place
21%
After
19%
Gathering
19%
Grass
19%
Kind
19%
Together
19%
Appear
16%
Seed
16%
seed
16%
Unto
16%
Herb
9%
Itself
9%
Own
9%
Whose
5%
Yielding
5%
Scene
0%
No matching quizzes found
Score Distribution
Percent of People with Each Score
Percentile by Number Answered
Your Score History
You have not taken this quiz since the last reset